Thiền học Việt Nam
Sách trình bày "điển tịch tâm linh" của một số Thiền Sư Việt Nam đã thực hiện trên đất Giao Chỉ thời Bắc thuộc và thời bắt đầu trở nên lãnh thổ Đại Việt
Đã lưu trong:
| 主要作者: | |
|---|---|
| 格式: | 图书 |
| 语言: | Undetermined |
| 出版: |
Huế
Thuận Hóa
1997
|
| 主题: | |
| 标签: |
添加标签
没有标签, 成为第一个标记此记录!
|
| Thư viện lưu trữ: | Trung tâm Học liệu Trường Đại học Cần Thơ |
|---|
| LEADER | 00736nam a2200181Ia 4500 | ||
|---|---|---|---|
| 001 | CTU_22485 | ||
| 008 | 210402s9999 xx 000 0 und d | ||
| 082 | |a 294.3927 | ||
| 082 | |b Th506 | ||
| 100 | |a Nguyễn Đăng Thục | ||
| 245 | 0 | |a Thiền học Việt Nam | |
| 245 | 0 | |c Nguyễn Đăng Thục | |
| 260 | |a Huế | ||
| 260 | |b Thuận Hóa | ||
| 260 | |c 1997 | ||
| 520 | |a Sách trình bày "điển tịch tâm linh" của một số Thiền Sư Việt Nam đã thực hiện trên đất Giao Chỉ thời Bắc thuộc và thời bắt đầu trở nên lãnh thổ Đại Việt | ||
| 650 | |a zen buddhism | ||
| 980 | |a Trung tâm Học liệu Trường Đại học Cần Thơ | ||